LEADER 03630nam 2200661Ia 450 001 9910465501603321 005 20200520144314.0 010 $a1-283-27799-9 010 $a9786613277992 010 $a0-520-94892-0 024 7 $a10.1525/9780520948921 035 $a(CKB)2560000000072782 035 $a(EBL)685416 035 $a(OCoLC)719321912 035 $a(SSID)ssj0000526572 035 $a(PQKBManifestationID)11347336 035 $a(PQKBTitleCode)TC0000526572 035 $a(PQKBWorkID)10521031 035 $a(PQKB)10182576 035 $a(MiAaPQ)EBC685416 035 $a(DE-B1597)520137 035 $a(OCoLC)721907463 035 $a(DE-B1597)9780520948921 035 $a(PPN)174345518 035 $a(Au-PeEL)EBL685416 035 $a(CaPaEBR)ebr10466786 035 $a(CaONFJC)MIL327799 035 $a(EXLCZ)992560000000072782 100 $a20101101d2011 ub 0 101 0 $aeng 135 $aur|n|---||||| 181 $ctxt 182 $cc 183 $acr 200 10$aWhy geology matters$b[electronic resource] $edecoding the past, anticipating the future /$fDoug Macdougall 210 $aBerkeley $cUniversity of California Press$dc2011 215 $a1 online resource (305 p.) 300 $aDescription based upon print version of record. 311 $a0-520-27271-4 311 $a0-520-26642-0 320 $aIncludes bibliographical references and index. 327 $tFrontmatter -- $tContents -- $tIllustrations -- $tPreface -- $tAcknowledgments -- $tChapter One. Set in Stone -- $tChapter Two. Building Our Planet -- $tChapter Three. Close Encounters -- $tChapter Four. The First Two Billion Years -- $tChapter Five. Wandering Plates -- $tChapter Six. Shaky Foundations -- $tChapter Seven. Mountains, Life, and the Big Chill -- $tChapter Eight. Cold Times -- $tChapter Nine. The Great Warming -- $tChapter Ten. Reading LIPs -- $tChapter Eleven. Restless Giants -- $tChapter Twelve. Swimming, Crawling, and Flying toward the Present -- $tChapter Thirteen. Why Geology Matters -- $tBibliography and Further Reading -- $tIndex 330 $aVolcanic dust, climate change, tsunamis, earthquakes-geoscience explores phenomena that profoundly affect our lives. But more than that, as Doug Macdougall makes clear, the science also provides important clues to the future of the planet. In an entertaining and accessibly written narrative, Macdougall gives an overview of Earth's astonishing history based on information extracted from rocks, ice cores, and other natural archives. He explores such questions as: What is the risk of an asteroid striking Earth? Why does the temperature of the ocean millions of years ago matter today? How are efforts to predict earthquakes progressing? Macdougall also explains the legacy of greenhouse gases from Earth's past and shows how that legacy shapes our understanding of today's human-caused climate change. We find that geoscience in fact illuminates many of today's most pressing issues-the availability of energy, access to fresh water, sustainable agriculture, maintaining biodiversity-and we discover how, by applying new technologies and ideas, we can use it to prepare for the future. 606 $aHistorical geology 606 $aGeology 608 $aElectronic books. 615 0$aHistorical geology. 615 0$aGeology. 676 $a551.7 686 $aRB 10123$2rvk 700 $aMacdougall$b J. D.$f1944-$01030569 801 0$bMiAaPQ 801 1$bMiAaPQ 801 2$bMiAaPQ 906 $aBOOK 912 $a9910465501603321 996 $aWhy geology matters$92447518 997 $aUNINA LEADER 02829nam 2200709 450 001 9910792878303321 005 20230809223248.0 010 $a0-271-07962-2 024 7 $a10.1515/9780271079622 035 $a(CKB)3710000001108713 035 $a(OCoLC)1080549607 035 $a(MdBmJHUP)muse68705 035 $a(MiAaPQ)EBC6224457 035 $a(DE-B1597)584507 035 $a(DE-B1597)9780271079622 035 $a(OCoLC)1257324385 035 $a(EXLCZ)993710000001108713 100 $a20200930d2017 uy 0 101 0 $aeng 135 $aur|||||||nn|n 181 $ctxt$2rdacontent 182 $cc$2rdamedia 183 $acr$2rdacarrier 200 00$aSpeaking to body and soul $einstructions for the Moravian choir helpers, 1785-1786 /$fedited and translated by Katherine M. Faull 210 1$aUniversity Park, Pennsylvania :$cThe Pennsylvania State University Press,$d[2017] 210 4$dİ2017 215 $a1 online resource (xi, 185 pages :)$cillustrations ; 225 1 $aPietist, Moravian, and Anabaptist studies 300 $aThis volume consists of the translation of 214 pages of German manuscripts, dated 1785-86, held at the Moravian Archives in Bethlehem, Pennsylvania. The manuscripts, titled 'Instructions for the Choir Helpers,' are copies of originals held in the Archives of the Unity of the Brethren in Herrnhut, Germany. Preface. 311 $a0-271-07767-0 320 $aIncludes bibliographical references and index. 327 $aThe single sisters' choir -- The single brethren's choir -- The married persons' choir -- The widows' choir. 330 $a"An annotated and translated collection of instructions on religion, health, sexuality, and family life from the eighteenth-century Moravian Church"--Provided by publisher. 410 0$aPietist, Moravian, and Anabaptist studies. 606 $aPastoral care$vEarly works to 1800 606 $aTheological anthropology$xMoravian Church$vEarly works to 1800 606 $aHuman body$xReligious aspects$xMoravian Church$vEarly works to 1800 610 $aCount Nikolaus Ludwig von Zinzendorf. 610 $aGermany. 610 $aMoravian Church. 610 $achoir. 610 $achurch. 610 $aenlightenment. 610 $ahistory. 610 $alifestyle. 610 $aphilosophy. 610 $aprotestant. 610 $areligion. 610 $atheology. 610 $atranslation. 615 0$aPastoral care 615 0$aTheological anthropology$xMoravian Church 615 0$aHuman body$xReligious aspects$xMoravian Church 676 $a284.6 702 $aFaull$b Katherine M. 801 0$bMiAaPQ 801 1$bMiAaPQ 801 2$bMiAaPQ 906 $aBOOK 912 $a9910792878303321 996 $aSpeaking to body and soul$93718282 997 $aUNINA